Statistiche per Top 20 marcatori Champions League

Clicka qui per fare il quiz!

Statistiche generali

  • Questo quiz è stato fatto 710 volte
  • Il punteggio medio è 14 su 20

Statistiche sulle risposte

NazionalitàGoalGiocatore% Corretto
Portogallo141Cristiano Ronaldo
100%
Argentina125Lionel Messi
100%
Egitto39Mohamed Salah
93%
Svezia49Zlatan Ibrahimovic
93%
Polonia82Robert Lewandowski
91%
Costa d'Avorio44Didier Drogba
83%
Italia44Alessandro Del Piero
82%
Ucraina59Andrij Shevchenko
81%
Francia76Karim Benzema
80%
Brasile41Neymar
79%
Uruguay35Edinson Cavani
76%
Italia50Filippo Inzaghi
72%
Spagna71Raul
64%
Ungheria/ Spagna35Ferenc Puskas
63%
Francia51Thierry Henry
62%
Portogallo47Eusebio
59%
Argentina/ Spagna49Alfredo Di Stefano
55%
Argentina47Sergio Aguero
43%
Paesi Bassi60Ruud Van Nistelrooy
35%
Spagna39Fernando Morientes
14%

Distribuzione punteggi

Percentile per numero di risposta

Percentuale di utenti per punteggio

I tuoi punteggi nel tempo

Non hai fatto questo quiz